书目信息 |
| 题名: |
习近平新时代中国特色社会主义思想学习问答
|
|
| 作者: | ;中共中央宣传部 编 | |
| 分册: | ||
| 出版信息: | 北京 学习出版社 2021.02 |
|
| 页数: | 460页 | |
| 开本: | 24cm | |
| 丛书名: | ||
| 单 册: | ||
| 中图分类: | D610 | |
| 科图分类: | ||
| 主题词: | 政治--中国 | |
| 电子资源: | ||
| ISBN: | 7-5147-1030-2 | |
| 000 | 00720nam0 2200205 450 | |
| 001 | 2557223360 | |
| 005 | 20251216155629.55 | |
| 010 | @a7-5147-1030-2@dCNY42.00 | |
| 100 | @a20251216d2021 km y0chiy0120 ea | |
| 101 | 0 | @achi |
| 102 | @aCN@b110000 | |
| 102 | @aCN | |
| 200 | 1 | @a习近平新时代中国特色社会主义思想学习问答@AXi Jin Ping Xin Shi Dai Zhong Guo Te Se She Hui Zhu Yi Si Xiang Xue Xi Wen Da@f中共中央宣传部编@FZhong Gong Zhong Yang Xuan Chuan Bu Bian |
| 210 | @a北京@c学习出版社@d2021.02 | |
| 215 | @a460页@d24cm | |
| 606 | 0 | @a政治@x中国 |
| 690 | @aD610@v4 | |
| 711 | 02 | @a中共中央宣传部@AZhong Gong Zhong Yang Xuan Chuan Bu@4编 |
| 801 | 0 | @aCN@b大连网信软件有限公司图书馆·11@c20251216 |
| 905 | @aZUCC@dD610@e420 | |
| 习近平新时代中国特色社会主义思想学习问答/中共中央宣传部编.-北京:学习出版社,2021.02 |
| 460页;24cm |
| ISBN 7-5147-1030-2:CNY42.00 |
| ● |
| 相关链接 |
|
|
|
|
正题名:习近平新时代中国特色社会主义思想学习问答
索取号:D610/420
 
预约/预借
| 序号 | 登录号 | 条形码 | 馆藏地/架位号 | 状态 | 备注 |
| 1 | 1441991 | 214419912 | 第一样本阅览室/ [索取号:D610/420] | 在馆 |